000 00578cam a22002053a 4500
001 40697
003 PGUSA
005 20140828083917.0
008 120907s2012||||xxu|||||s|||||000 | eng d
040 _aPGUSA
_beng
042 _adc
100 1 _aHope, Anthony,
_d1863-1933
245 1 0 _aSport Royal, and other stories
_h[electronic resource] /
_cAnthony Hope
260 _bProject Gutenberg,
_c2012
506 _aPublic domain in the USA.
516 _aElectronic text
830 0 _aProject Gutenberg
_v40697
856 4 0 _uhttp://www.gutenberg.org/ebooks/40697
942 _cEB
999 _c269949
_d269949